[Event "Druzynowe Mistrzostwa Polski Juniorow 2018 - II Liga"]
[Site "Szczyrk"]
[Date "1899-12-30"]
[Round "2.38"]
[White "Radecki, Adam"]
[Black "Hryn, Zofia"]
[Result "1-0"]
[WhiteTitle "I"]
[BlackTitle "I++"]
[WhiteElo "1702"]
[BlackElo "1668"]

1. e4 g6 2. Nc3 Bg7 3. g3 d6 4. Bg2 c6 5. d3 Qc7 6. Nf3 Nd7 7. O-O Ngf6 8. h3 e5
9. Nh4 O-O 10. f4 Qb6+ 11. Kh2 exf4 12. gxf4 Nh5 13. Ne2 Qd8 14. Nf3 Kh8 15. d4
Ndf6 16. e5 Nd5 17. c4 Nb6 18. b3 Bf5 19. Qe1 dxe5 20. fxe5 Qc7 21. Nf4 Nxf4 22.
Bxf4 Rae8 23. Qh4 Qe7 24. Bg5 f6 25. exf6 Bxf6 26. Rae1 Bxg5 27. Nxg5 Qc7+ 28.
Kh1 Qg7 29. d5 cxd5 30. cxd5 h5 31. Rxe8 Rxe8 32. Rxf5 Qa1+ 33. Rf1 Qxa2 34. Qd4+
1-0

[Event "Druzynowe Mistrzostwa Polski Juniorow 2018 - II Liga"]
[Site "Szczyrk"]
[Date "1899-12-30"]
[Round "2.39"]
[White "Wielgus, Wojciech"]
[Black "Piechota, Kamil"]
[Result "1-0"]
[WhiteTitle "I"]
[BlackTitle "II"]
[WhiteElo "1652"]
[BlackElo "1521"]

1. e4 e5 2. Nf3 Nc6 3. Bc4 Bc5 4. c3 Nf6 5. d3 d6 6. O-O Bg4 7. Nbd2 a6 8. a4 O-O
9. h3 Bh5 10. Re1 Rb8 11. Nf1 Bg6 12. Ng3 Nh5 13. Nxh5 Bxh5 14. Be3 Bxe3 15. Rxe3
Kh8 16. Ba2 Ne7 17. g4 Bg6 18. Nh4 h6 19. Nf5 Bxf5 20. gxf5 g6 21. Rf3 gxf5 22.
exf5 Qd7 23. d4 f6 24. Be6 Qe8 25. Rg3 h5 26. Kh2 exd4 27. Qxd4 Kh7 28. Rag1 Rf7
29. Qh4 Qf8 30. Qxh5+ Qh6 31. Qxf7+ 1-0

[Event "Druzynowe Mistrzostwa Polski Juniorow 2018 - II Liga"]
[Site "Szczyrk"]
[Date "1899-12-30"]
[Round "2.40"]
[White "Karwot, Marek"]
[Black "Warchol, Kamil"]
[Result "0-1"]
[WhiteTitle "III"]
[BlackTitle "CM"]
[WhiteElo "1000"]
[BlackElo "1540"]

1. e4 e5 2. Nf3 Nc6 3. Bb5 a6 4. Bxc6 dxc6 5. O-O Bg4 6. h3 Bxf3 7. Qxf3 Bc5 8.
d3 Qe7 9. Be3 Nf6 10. Nd2 O-O-O 11. Nb3 Bxe3 12. Qxe3 Kb8 13. Nd2 Nh5 14. Rfb1
Nf4 15. Nf3 g5 16. b4 h5 17. Kh2 g4 18. Ng1 Rd4 19. a3 Rg8 20. g3 Nxh3 21. Nxh3
gxh3 22. c3 Rd6 23. Kxh3 Qd7+ 24. Kh2 Rxd3 25. Qe1 h4 26. Rd1 hxg3+ 27. fxg3 Rd8
28. Rxd3 Qxd3 29. Ra2 Qf3 30. Rf2 Rh8+ 0-1

[Event "Druzynowe Mistrzostwa Polski Juniorow 2018 - II Liga"]
[Site "Szczyrk"]
[Date "1899-12-30"]
[Round "2.41"]
[White "Hryn, Aleksandra"]
[Black "Obrochta, Lena"]
[Result "1-0"]
[WhiteTitle "I"]
[BlackTitle "I"]
[WhiteElo "1643"]
[BlackElo "1422"]

1. e4 e5 2. Nf3 d6 3. d4 exd4 4. Nxd4 Nf6 5. Nc3 Be7 6. Be2 O-O 7. O-O c6 8. Be3
b5 9. f3 a6 10. a3 c5 11. Nb3 Bb7 12. e5 dxe5 13. Qxd8 Rxd8 14. Nxc5 Bxc5 15.
Bxc5 Nbd7 16. Be3 Nf8 17. Bd3 Nd5 18. Nxd5 Bxd5 19. Rfe1 f6 20. Rad1 Bb7 21. Rd2
Rd5 22. c4 Rd7 23. cxb5 axb5 24. Bxb5 Rxd2 25. Bxd2 Rd8 26. Bb4 Ng6 27. a4 Ra8
28. a5 Nf4 29. Bd2 Ng6 30. b4 Bc8 31. Rc1 Bb7 32. Rc7 Bc8 33. Bc4+ Kh8 34. b5
1-0

[Event "Druzynowe Mistrzostwa Polski Juniorow 2018 - II Liga"]
[Site "Szczyrk"]
[Date "1899-12-30"]
[Round "2.42"]
[White "Czerwinska, Oliwia"]
[Black "Kieca, Aleksandra"]
[Result "1/2-1/2"]
[WhiteTitle "I"]
[BlackTitle "I"]
[WhiteElo "1245"]
[BlackElo "1458"]

1. e4 c5 2. c3 d5 3. exd5 Qxd5 4. d4 Nc6 5. Ne2 e5 6. Be3 cxd4 7. cxd4 Bb4+ 8.
Nbc3 exd4 9. Bxd4 Nxd4 10. Qxd4 Qxd4 11. Nxd4 Nf6 12. Bb5+ Bd7 13. Bxd7+ Nxd7
14. O-O Bxc3 15. bxc3 O-O 16. Rfe1 a6 17. Rab1 b5 18. Kf1 Rac8 19. Re3 Nf6 20.
Rc1 Rfd8 21. Nb3 Kf8 22. Re2 Rd3 23. Rd2 Rdxc3 24. Rxc3 Rxc3 25. Rd6 a5 26. Nxa5
Ra3 27. Nb3 Rxa2 28. Rb6 Rb2 29. Rb8+ Ke7 30. Rxb5 Ng4 31. Rb7+ Kf6 32. Rb6+ Kg5
33. Rb5+ Kg6 34. h3 Nxf2 35. Nd4 Rxb5 36. Nxb5 Nd3 37. Ke2 Nf4+ 38. Kf3 Ne6 39.
Nd6 h5 40. Nc4 Kf6 41. Nd2 Ng5+ 42. Kf4 Ne6+ 43. Kf3 Nd4+ 44. Ke3 Nc2+ 45. Kf3
g6 46. Ne4+ Ke5 47. Nc3 f6 48. Nd1 Ne1+ 49. Kf2 Nd3+ 50. Ke3 Nf4 51. Kf2 g5 52.
Ne3 Ke4 53. Nc4 Nd3+ 54. Kf1 Kf4 55. Nd6 h4 56. Ne8 f5 57. Ng7 Nc5 58. Nh5+ Ke3
59. Nf6 Ne4 60. Nd5+ Kd4 61. Ne7 Ng3+ 62. Kf2 Ke4 63. Ng8 Kf4 64. Nh6 Ne4+ 65.
Kf1 g4 66. hxg4 fxg4 67. Kg1 Nd2 68. Ng8 Kg3 69. Nf6 h3 70. Nh5+ Kh4 71. gxh3
gxh3 72. Nf4 Nf3+ 73. Kh1 h2 74. Nd5 Kg3 75. Ne3 1/2-1/2

[Event "Druzynowe Mistrzostwa Polski Juniorow 2018 - II Liga"]
[Site "Szczyrk"]
[Date "1899-12-30"]
[Round "2.43"]
[White "Majek, Kacper"]
[Black "Kokoszczynski, Jan"]
[Result "0-1"]
[WhiteTitle "I++"]
[BlackTitle "k"]
[WhiteElo "2088"]
[BlackElo "2111"]

1. Nf3 d5 2. g3 c6 3. Bg2 Bg4 4. O-O Nd7 5. d3 Ngf6 6. Qe1 e5 7. e4 dxe4 8. dxe4
Bc5 9. Nbd2 b5 10. a4 a6 11. h3 Bh5 12. Nh4 O-O 13. Nf5 Re8 14. Nb3 Bb6 15. Be3
Qc7 16. Qc3 Bg6 17. Rfd1 Bxf5 18. exf5 Bxe3 19. Qxe3 e4 20. Nc5 Nd5 21. Qd4 Nxc5
22. Qxc5 Qb7 23. axb5 axb5 24. Rxa8 Qxa8 25. Re1 Nf6 26. Qb4 Qc8 27. g4 h5 28.
g5 Nd5 29. Qd6 Qxf5 30. Qxc6 Re5 31. h4 Qg4 32. Qa8+ Kh7 33. Qa3 Qxh4 34. Rxe4
Rxe4 35. Qd3 f5 36. gxf6 Nxf6 37. f3 Qe1+ 38. Kh2 Qe3 39. Bf1 g6 40. fxe4 Ng4+
41. Kh1 Nf2+ 0-1

[Event "Druzynowe Mistrzostwa Polski Juniorow 2018 - II Liga"]
[Site "Szczyrk"]
[Date "1899-12-30"]
[Round "2.44"]
[White "Golecki, Jan"]
[Black "Derylo, Kamil"]
[Result "0-1"]
[WhiteTitle "I++"]
[BlackTitle "I"]
[WhiteElo "2001"]
[BlackElo "1755"]

1. e4 c5 2. Nf3 d6 3. d4 cxd4 4. Nxd4 Nf6 5. Nc3 a6 6. Be2 e5 7. Nb3 Be6 8. O-O
Be7 9. Be3 O-O 10. Qd2 b5 11. Bf3 Qc7 12. Rfd1 Nbd7 13. Nc1 Rac8 14. Nd3 Qc4 15.
a3 a5 16. Rac1 b4 17. axb4 axb4 18. Ne2 b3 19. cxb3 Qxb3 20. Nb4 Nc5 21. Bxc5
dxc5 22. Nd3 Rfd8 23. Qc3 Rd7 24. Ng3 Rcd8 25. Nf5 Bf8 26. Be2 Qxc3 27. bxc3 Nxe4
28. Ng3 Nxg3 29. hxg3 f6 30. c4 e4 31. Nb2 Rd4 32. f3 f5 33. Kf2 g6 34. Ke3 Bh6+
35. f4 Bg7 36. Na4 Rxd1 37. Rxd1 Bd4+ 38. Kd2 Ra8 39. Nc3 Ra3 40. Rc1 Rb3 41.
Rc2 Kg7 42. g4 e3+ 43. Kc1 Bxc3 44. g5 Bd2+ 0-1

[Event "Druzynowe Mistrzostwa Polski Juniorow 2018 - II Liga"]
[Site "Szczyrk"]
[Date "1899-12-30"]
[Round "2.45"]
[White "Zhydachevskyy, Yulian"]
[Black "Szemplinski, Jerzy"]
[Result "0-1"]
[WhiteTitle "II"]
[BlackTitle "II"]
[WhiteElo "1376"]
[BlackElo "1411"]

1. e4 c5 2. Nf3 e6 3. d4 cxd4 4. Nxd4 Nf6 5. Nc3 Nc6 6. g3 Bb4 7. Bg2 d5 8. exd5
Nxd5 9. Bxd5 Qxd5 10. O-O Qxd4 11. Nb5 Qxd1 12. Rxd1 O-O 13. Bf4 e5 14. Be3 Bg4
15. Rdc1 a6 16. Nc3 Bxc3 17. bxc3 Rac8 18. Rab1 Na5 19. Bb6 Nc4 20. Ba7 Rc7 21.
Bb6 Nxb6 22. Rxb6 Rxc3 23. Rxb7 Rfc8 24. Rb4 Bf5 25. g4 Be6 26. Rb6 a5 27. Ra6
Rxc2 28. Rxc2 Rxc2 29. Rxa5 f6 30. Ra8+ Rc8 31. Ra4 Bd5 32. h3 Rc1+ 33. Kh2 Rh1+
34. Kg3 Rg1+ 35. Kh2 Rg2+ 36. Kh1 Rxg4+ 0-1

[Event "Druzynowe Mistrzostwa Polski Juniorow 2018 - II Liga"]
[Site "Szczyrk"]
[Date "1899-12-30"]
[Round "2.46"]
[White "Kazmierowski, Tymon"]
[Black "Derylo, Maksymilian"]
[Result "1/2-1/2"]
[WhiteTitle "II"]
[BlackTitle "II"]
[WhiteElo "1452"]
[BlackElo "1199"]

1. e4 c5 2. Nf3 d6 3. d4 cxd4 4. Qxd4 a6 5. c4 Nc6 6. Qe3 Bg4 7. Be2 g6 8. O-O
Bg7 9. Rd1 Qc7 10. c5 dxc5 11. Qxc5 Nf6 12. Nc3 O-O 13. Nd5 Qb8 14. Bf4 Qa7 15.
Qxa7 Rxa7 16. e5 Nxd5 17. Rxd5 Raa8 18. h3 Be6 19. Rc5 Rfd8 20. Ng5 Nd4 21. Bf3
Rd7 22. Rac1 Bxa2 23. Rc8+ Rxc8 24. Rxc8+ Bf8 25. Nxh7 Kxh7 26. Rxf8 Kg7 27. Rb8
Rc7 28. e6 Rc4 29. exf7 Nxf3+ 30. gxf3 Rxf4 31. Qf8+ Rxf8 32. Rxb7 Rxf3 33. Rxe7+
Kf6 34. Rc7 Rxh3 35. Rc6+ Kg5 36. Rxa6 Bd5 37. f4+ Kf5 38. Ra5 Rd3 39. Kf2 Kxf4
40. Ke2 Re3+ 41. Kf2 Rf3+ 42. Kg1 Be4 43. Ra7 Rb3 44. Rf7+ Kg3 45. Rf2 g5 46.
Rg2+ Bxg2 1/2-1/2

[Event "Druzynowe Mistrzostwa Polski Juniorow 2018 - II Liga"]
[Site "Szczyrk"]
[Date "1899-12-30"]
[Round "2.47"]
[White "Laszczuk, Zuzanna"]
[Black "Krzysztynska, Anna"]
[Result "0-1"]
[WhiteTitle "I"]
[BlackTitle "I+"]
[WhiteElo "1355"]
[BlackElo "1758"]

1. e4 e5 2. Nc3 Nf6 3. g3 d5 4. exd5 Nxd5 5. Bg2 Ne7 6. d3 Nbc6 7. Nge2 g6 8. O-O
Bg7 9. h3 O-O 10. Kh2 Rb8 11. b3 b6 12. Ba3 Re8 13. Qd2 Bb7 14. Ne4 h6 15. g4
Nd5 16. Bb2 Nd4 17. Bxd4 exd4 18. Ng1 Nf4 19. f3 Be5 20. Kh1 Kh7 21. Ne2 Nxe2
22. Qxe2 f5 23. gxf5 gxf5 24. f4 Bg7 25. Ng5+ Qxg5 26. fxg5 Rxe2 27. Bxb7 Rxb7
28. gxh6 Bxh6 29. Rxf5 c5 30. Raf1 Rg7 31. Rf7 Rxc2 32. R7f2 Rxf2 33. Rxf2 Be3
34. Rf1 Kh6 35. Kh2 Kh5 36. a3 Kh4 37. Rf3 Rg3 38. Rxg3 Bf4 39. Kg2 Bxg3 40. Kf3
Kxh3 41. Ke4 Kg2 42. Kd5 Kf3 43. Kc6 Ke3 44. Kb7 Kxd3 45. Kxa7 Bc7 46. Kb7 Bd8
47. Kc8 Kc3 48. Kxd8 d3 49. Kc7 Kxb3 50. Kxb6 d2 51. Kxc5 Qd1 0-1

[Event "Druzynowe Mistrzostwa Polski Juniorow 2018 - II Liga"]
[Site "Szczyrk"]
[Date "1899-12-30"]
[Round "2.48"]
[White "Moscicka, Alicja"]
[Black "Salamon, Julia"]
[Result "0-1"]
[WhiteTitle "II"]
[BlackTitle "I"]
[WhiteElo "1000"]
[BlackElo "1098"]

1. c4 e5 2. Nc3 Nf6 3. g3 Nc6 4. e3 Be7 5. Bg2 O-O 6. Nge2 d6 7. O-O Be6 8. d3
d5 9. b3 Qd7 10. cxd5 Nxd5 11. Nxd5 Bxd5 12. e4 Be6 13. Bb2 Rad8 14. Nc1 Bc5 15.
Qd2 Bd4 16. Rd1 Bxb2 17. Qxb2 Qd4 18. Qxd4 Nxd4 19. Rd2 Bh3 20. Kh1 Bxg2+ 21.
Kxg2 f5 22. f3 fxe4 23. fxe4 Rf7 24. Rf2 Rdf8 25. Rxf7 Rxf7 26. Rb1 b6 27. Rb2
c5 28. Ne2 Nxe2 29. Rxe2 Rd7 30. Re3 Kf7 31. Kf2 Ke6 32. Ke2 g6 33. h3 b5 34.
a3 a5 35. a4 bxa4 36. bxa4 Rd4 37. h4 Rxa4 38. Kd2 Rd4 39. Kc3 h5 40. Kb3 a4+
41. Ka3 Rb4 42. Rf3 Ke7 43. Rf2 Rb3+ 44. Kxa4 Rxd3 45. Kb5 Rxg3 46. Kxc5 Ke6 47.
Kc6 Rc3+ 48. Kb5 Re3 49. Rg2 Rxe4 50. Rxg6+ Kf7 51. Rg5 Rxh4 52. Rxe5 Kf6 53.
Re2 Rh1 54. Rg2 h4 55. Kc4 h3 56. Rg3 h2 57. Rh3 Rc1+ 58. Kd3 Qh1 59. Rxh1 Rxh1
0-1

[Event "Druzynowe Mistrzostwa Polski Juniorow 2018 - II Liga"]
[Site "Szczyrk"]
[Date "1899-12-30"]
[Round "2.49"]
[White "Grochol, Kamil"]
[Black "Klepek, Witold"]
[Result "0-1"]
[WhiteTitle "I"]
[BlackTitle "k+"]
[WhiteElo "1726"]
[BlackElo "2076"]

1. e4 c5 2. Nf3 d6 3. d4 cxd4 4. Nxd4 Nf6 5. Nc3 g6 6. f4 Nc6 7. Nxc6 bxc6 8. e5
Nd7 9. exd6 exd6 10. Bd3 Be7 11. O-O O-O 12. Bd2 d5 13. Kh1 Nc5 14. Ne2 Nxd3 15.
cxd3 Qd6 16. b4 Re8 17. Bc3 Bg4 18. h3 Bxe2 19. Qxe2 Bf6 20. Qc2 d4 21. Bd2 Re2
22. Rae1 Rae8 23. Rxe2 Rxe2 24. Qd1 Qe6 25. f5 gxf5 26. Re1 Rxe1+ 27. Qxe1 Qxe1+
28. Bxe1 Bg5 29. g3 Be3 30. Kg2 Kg7 31. Kf3 Kf6 32. g4 fxg4+ 33. hxg4 Kg5 34.
Bg3 a6 35. Bd6 f5 36. Be7+ Kg6 37. Bd8 fxg4+ 38. Kxg4 h5+ 39. Kf3 Kf5 40. Bh4
Bg5 41. Bf2 Bf6 42. Kg3 h4+ 43. Kf3 h3 44. Kg3 Bh4+ 0-1

[Event "Druzynowe Mistrzostwa Polski Juniorow 2018 - II Liga"]
[Site "Szczyrk"]
[Date "1899-12-30"]
[Round "2.50"]
[White "Burzak, Wojciech"]
[Black "Oles, Martin"]
[Result "1-0"]
[WhiteTitle "I"]
[BlackTitle "II+"]
[WhiteElo "1749"]
[BlackElo "1488"]

1. e4 e5 2. Nf3 Nc6 3. Nc3 Nf6 4. Bb5 Nd4 5. Ba4 c6 6. h3 Qc7 7. O-O b5 8. Bb3
d6 9. d3 a5 10. Ng5 Nxb3 11. axb3 h6 12. Nf3 Be7 13. Re1 O-O 14. Nh2 Nh7 15. g4
b4 16. Ne2 d5 17. Ng3 dxe4 18. dxe4 Bh4 19. Nf5 Bxf5 20. exf5 e4 21. Qd4 Rad8
22. Qxe4 Bxf2+ 23. Kxf2 Qxh2+ 24. Qg2 Qc7 25. Qf3 Ng5 26. Qg3 Qb6+ 27. Be3 Ne4+
28. Kf3 Qxe3+ 29. Rxe3 Nxg3 30. Kxg3 Rd2 31. Rc1 Ra8 32. Re4 c5 33. Rc4 Rd5 34.
Kf4 a4 35. Ra1 a3 36. bxa3 Rxa3 37. Re1 Ra2 38. Re8+ Kh7 39. Re2 Rb2 40. Ke4 Rd8
41. Rxc5 Re8+ 42. Kd3 Rd8+ 43. Kc4 Rb8 44. Rb5 Rc8+ 45. Kxb4 Rbxc2 46. Rxc2 Rxc2
47. Rc5 Rh2 48. Rc3 h5 49. Kc5 Kh6 50. b4 hxg4 51. hxg4 Kg5 52. Rc4 Kf6 53. Kd6
Rd2+ 54. Kc6 Ke7 55. Kc5 Rb2 56. Rd4 Rc2+ 57. Kb6 Rc1 58. b5 Rc2 59. Kb7 Rc1 60.
b6 Rc2 61. Kb8 Rc1 62. b7 Ra1 63. Rc4 Kd8 64. Rc8+ Kd7 65. Rc7+ Kd8 66. Rxf7 Ra6
67. Rxg7 1-0

[Event "Druzynowe Mistrzostwa Polski Juniorow 2018 - II Liga"]
[Site "Szczyrk"]
[Date "1899-12-30"]
[Round "2.51"]
[White "Rzepka, Marcin"]
[Black "Gradalski, Olaf"]
[Result "1-0"]
[WhiteTitle "III"]
[BlackTitle "II"]
[WhiteElo "1193"]
[BlackElo "1224"]

1. e4 e6 2. d4 d5 3. exd5 exd5 4. Nf3 Bd6 5. Nc3 Ne7 6. Bd3 c6 7. O-O O-O 8. Bd2
Bf5 9. Be3 Qc7 10. h3 Nd7 11. Nh4 Bxd3 12. Qxd3 Nb6 13. b3 Rac8 14. a4 Rfd8 15.
Nf3 h6 16. Rfc1 a6 17. Ne2 Nd7 18. c4 dxc4 19. bxc4 c5 20. d5 Nf6 21. Rcb1 Rb8
22. a5 Nc6 23. Bd2 Ne5 24. Nxe5 Bxe5 25. Bc3 Re8 26. Ra2 Nd7 27. Bxe5 Rxe5 28.
Qc3 Ree8 29. Ng3 b5 30. cxb5 axb5 31. Nf5 Qe5 32. Qxe5 Rxe5 33. Ne3 Nf6 34. a6
b4 35. a7 Ra8 36. Nc4 Rxd5 37. Nb6 Rdd8 38. Nxa8 Rxa8 39. Ra5 Ne4 40. Rba1 c4
41. Rb5 Rxa7 42. Rxa7 b3 43. Rd7 Nc3 44. Rb8+ Kh7 45. Rc7 Ne2+ 46. Kf1 Nc1 47.
Rxc4 Nd3 48. Rxb3 Ne5 49. Rc7 Kg6 50. f4 1-0

[Event "Druzynowe Mistrzostwa Polski Juniorow 2018 - II Liga"]
[Site "Szczyrk"]
[Date "1899-12-30"]
[Round "2.52"]
[White "Raba, Bartosz"]
[Black "Kubik, Bartosz"]
[Result "0-1"]
[WhiteTitle "II"]
[BlackTitle "II"]
[WhiteElo "1272"]
[BlackElo "1046"]

1. e4 e5 2. Nf3 Nc6 3. d4 exd4 4. Bc4 Bc5 5. O-O Nf6 6. Bg5 h6 7. Bh4 g5 8. Bg3
Nxe4 9. Re1 d5 10. Bd3 Be6 11. Bxe4 dxe4 12. Rxe4 Qd7 13. Ne5 Qd5 14. Re1 O-O-O
15. Nd2 f5 16. Nxc6 Qxc6 17. Be5 Rhe8 18. Nb3 Bxb3 19. axb3 a6 20. Ra4 Qb6 21.
Qf3 f4 22. Qd3 Rd5 23. Qh7 d3 24. Qf5+ Qe6 0-1

[Event "Druzynowe Mistrzostwa Polski Juniorow 2018 - II Liga"]
[Site "Szczyrk"]
[Date "1899-12-30"]
[Round "2.53"]
[White "Kucharska, Helena"]
[Black "Gredka, Dominika"]
[Result "0-1"]
[WhiteTitle "I"]
[BlackTitle "I++"]
[WhiteElo "1322"]
[BlackElo "1794"]

1. e4 c5 2. Nf3 d6 3. d4 cxd4 4. Nxd4 Nf6 5. Nc3 a6 6. g3 e5 7. Nde2 Be7 8. Bg2
O-O 9. a4 Nbd7 10. O-O Nc5 11. h3 b6 12. g4 Bb7 13. Ng3 Ne6 14. Nf5 Bc6 15. Be3
Nc5 16. Ng3 Re8 17. Qd2 Qc7 18. b4 Ne6 19. Nd5 Bxd5 20. exd5 Nf8 21. Rfc1 b5 22.
a5 Rac8 23. c3 Ng6 24. Ra2 Nh4 25. Bh1 Qb7 26. Rac2 Rc4 27. Bg5 Ng6 28. Nf5 Qd7
29. Ne3 Rcc8 30. Nf5 Rc4 31. Ne3 Ne4 32. Bxe4 Bxg5 33. Bd3 Bxe3 34. fxe3 Rcc8
35. c4 e4 36. Be2 bxc4 37. Rxc4 Rxc4 38. Rxc4 Qe7 39. Rc6 Ne5 40. Rxa6 Qh4 41.
Bd1 Qxh3 42. Qf2 Nxg4 43. Bxg4 Qxg4+ 44. Kh1 Qd1+ 45. Kg2 Qxd5 46. Qc2 h6 47.
Rc6 Qg5+ 48. Kf2 Qh4+ 49. Kg2 Qg4+ 50. Kh2 Re5 51. Qg2 Rh5+ 52. Kg1 Qd1+ 53. Kf2
Rf5+ 54. Kg3 Rg5+ 55. Kh3 Qh5# 0-1

[Event "Druzynowe Mistrzostwa Polski Juniorow 2018 - II Liga"]
[Site "Szczyrk"]
[Date "1899-12-30"]
[Round "2.54"]
[White "Jureczko, Anna"]
[Black "Cieslak, Jessica"]
[Result "1/2-1/2"]
[WhiteTitle "II+"]
[BlackTitle "I"]
[WhiteElo "1204"]
[BlackElo "1247"]

1. e4 c5 2. c3 g6 3. d4 cxd4 4. cxd4 d5 5. exd5 Nf6 6. Nc3 Bg7 7. Nf3 O-O 8. Bc4
a6 9. Bb3 b5 10. a3 Bb7 11. O-O Nbd7 12. Bf4 Nb6 13. d6 exd6 14. Re1 Qd7 15. Qd3
Nfd5 16. Nxd5 Nxd5 17. Bg3 Rfe8 18. Rac1 Rxe1+ 19. Rxe1 Ne7 20. Ng5 Rf8 21. f3
Nf5 22. Bf2 d5 23. Nh3 Qc7 24. Qd2 Bh6 25. Qd1 Qd8 26. Qd3 Qf6 27. Re5 Rd8 28.
Re1 Qc6 29. Qc2 Qd7 30. Qd3 Rc8 31. f4 Qc7 32. g3 Qd7 33. Kh1 Nxd4 34. Bxd4 Qxh3
35. Qe2 Qf5 36. Kg1 Bg7 37. Bxg7 Kxg7 38. Qd2 Kg8 39. Re5 Qb1+ 40. Re1 Qf5 41.
Re5 Qd7 42. Qe1 Qc6 43. Kf1 Qc1 44. Qxc1 Rxc1+ 45. Re1 Rxe1+ 46. Kxe1 Kg7 47.
Ke2 Kf6 48. Ke3 Kf5 49. Bd1 Ke6 50. Kd4 Kd6 51. Bf3 h6 52. Bg2 1/2-1/2

[Event "Druzynowe Mistrzostwa Polski Juniorow 2018 - II Liga"]
[Site "Szczyrk"]
[Date "1899-12-30"]
[Round "2.55"]
[White "Kus, Aleksander"]
[Black "Krawczyk, Flawian"]
[Result "1/2-1/2"]
[WhiteTitle "k"]
[BlackTitle "II"]
[WhiteElo "1934"]
[BlackElo "1425"]

1. e4 e6 2. d4 d5 3. Nd2 Nf6 4. e5 Nfd7 5. c3 c5 6. Bd3 Nc6 7. Ne2 cxd4 8. cxd4
f6 9. exf6 Nxf6 10. Nf3 Bd6 11. O-O O-O 12. Bf4 Bxf4 13. Nxf4 Ne4 14. Qc1 Qf6
15. Ne2 Bd7 16. Qe3 Ne7 17. Bxe4 dxe4 18. Ne5 Bc6 19. Nxc6 Nxc6 20. Qxe4 Rad8
21. Rad1 Rd5 22. Rd3 Rfd8 23. Rfd1 Qf5 24. f3 g6 25. Qxf5 gxf5 26. f4 e5 27. fxe5
Nxe5 28. Rg3+ Kf7 29. Rf1 Nc6 30. Rgf3 Ne7 31. Rh3 Kg8 32. Ra3 a6 33. Rg3+ Kf7
34. Rgf3 Rc8 35. Rc3 Rxc3 36. bxc3 Ra5 37. Nc1 b5 38. Rf2 Ra3 1/2-1/2

[Event "Druzynowe Mistrzostwa Polski Juniorow 2018 - II Liga"]
[Site "Szczyrk"]
[Date "1899-12-30"]
[Round "2.56"]
[White "Kupiecki, Szymon"]
[Black "Nowak, Patrycja"]
[Result "1-0"]
[WhiteTitle "I"]
[BlackTitle "II"]
[WhiteElo "1644"]
[BlackElo "1160"]

1. e4 c6 2. d4 d5 3. exd5 cxd5 4. Bd3 Qc7 5. Nf3 Bg4 6. Nbd2 Nf6 7. c3 e6 8. Qa4+
Nc6 9. Ne5 Bd6 10. Ndf3 Bxf3 11. Nxf3 a6 12. O-O O-O 13. Bg5 Nd7 14. Qc2 h6 15.
Bh4 Rac8 16. Qe2 Rfe8 17. Rfe1 e5 18. dxe5 Ndxe5 19. Nxe5 Rxe5 20. Qf3 Rxe1+ 21.
Rxe1 Bxh2+ 22. Kh1 Qf4 23. Qh3 Rf8 24. Qxh2 Qd2 25. Re3 Qxb2 26. Qg3 f5 27. Qg6
Qxc3 28. Bxf5 1-0

[Event "Druzynowe Mistrzostwa Polski Juniorow 2018 - II Liga"]
[Site "Szczyrk"]
[Date "1899-12-30"]
[Round "2.57"]
[White "Franc, Piotr"]
[Black "Niedbala, Bartlomiej"]
[Result "1-0"]
[WhiteTitle "II"]
[BlackTitle "I++"]
[WhiteElo "1196"]
[BlackElo "2001"]

1. e4 c5 2. Nf3 d6 3. d4 cxd4 4. Nxd4 Nf6 5. Nc3 g6 6. Be2 Bg7 7. O-O O-O 8. Re1
Nc6 9. Nb3 Be6 10. Bf1 a5 11. Nd5 a4 12. Nxf6+ Bxf6 13. Nd2 a3 14. c3 axb2 15.
Bxb2 d5 16. exd5 Bxd5 17. Bc4 Ra5 18. Qc2 Qc7 19. Bxd5 Rxd5 20. Nf3 Rfd8 21. c4
Rd3 22. Bxf6 exf6 23. Qb2 Nd4 24. Nxd4 R8xd4 25. Rac1 Qf4 26. f3 Rxf3 27. Qxb7
Ra3 28. Re8+ Kg7 29. Rf1 Qg5 30. Qe7 Kh6 31. Qxa3 Rd2 32. Qe3 Rxg2+ 33. Kh1 Rxa2
34. Qxg5+ Kxg5 35. Rc1 f5 36. c5 1-0

[Event "Druzynowe Mistrzostwa Polski Juniorow 2018 - II Liga"]
[Site "Szczyrk"]
[Date "1899-12-30"]
[Round "2.58"]
[White "Lichorad, Mateusz"]
[Black "Dopierala, Adam"]
[Result "1-0"]
[WhiteTitle "I"]
[BlackTitle "II"]
[WhiteElo "1770"]
[BlackElo "1164"]

1. e4 e5 2. Nf3 Nc6 3. Bc4 Bc5 4. d3 Nf6 5. O-O O-O 6. c3 d6 7. Bb3 Ne7 8. Nbd2
Ng6 9. Nc4 Re8 10. Re1 c6 11. h3 b5 12. Ne3 h6 13. a3 a5 14. Bc2 d5 15. exd5 cxd5
16. d4 Bb6 17. Bxg6 exd4 18. Bxf7+ Kxf7 19. Nxd4 b4 20. axb4 Bb7 21. bxa5 Bxa5
22. b4 Bb6 23. Rxa8 Qxa8 24. Nef5 Bc7 25. Nb5 Qb8 26. Nxc7 Qxc7 27. Rxe8 Kxe8
28. Qf3 Kf8 29. Bf4 Qd7 30. Nd4 Kg8 31. Bxh6 gxh6 32. Qxf6 1-0

[Event "Druzynowe Mistrzostwa Polski Juniorow 2018 - II Liga"]
[Site "Szczyrk"]
[Date "1899-12-30"]
[Round "2.59"]
[White "Roszkiewicz, Anna"]
[Black "Kulpa, Zuzanna"]
[Result "0-1"]
[WhiteTitle "I++"]
[BlackTitle "I++"]
[WhiteElo "1666"]
[BlackElo "1818"]

1. e4 e5 2. Nf3 Nc6 3. Bb5 a6 4. Ba4 Nf6 5. O-O Be7 6. Re1 b5 7. Bb3 O-O 8. h3
d6 9. c3 Nb8 10. d4 Nbd7 11. Nbd2 Bb7 12. Bc2 Re8 13. Nf1 Bf8 14. Ng3 g6 15. Bd2
Bg7 16. Qc1 d5 17. Bg5 Qc8 18. dxe5 Nxe5 19. Nxe5 Rxe5 20. Qf4 Qe6 21. Re3 Nxe4
22. Nxe4 dxe4 23. Rae1 Re8 24. Bb3 Bd5 25. Bh4 Bxb3 26. axb3 f5 27. b4 h6 28.
Rg3 g5 29. Bxg5 hxg5 30. Qxg5 Qf7 31. Qh6 R8e6 32. Qd2 Rd6 33. Qf4 Rg6 34. Ree3
Ree6 35. h4 Be5 36. Rxg6+ Qxg6 37. Qg5 Qxg5 38. hxg5 Bf4 0-1

[Event "Druzynowe Mistrzostwa Polski Juniorow 2018 - II Liga"]
[Site "Szczyrk"]
[Date "1899-12-30"]
[Round "2.60"]
[White "Kulpa, Karolina"]
[Black "Roszkiewicz, Zofia"]
[Result "1/2-1/2"]
[WhiteTitle "I"]
[BlackTitle "I"]
[WhiteElo "1323"]
[BlackElo "1265"]

1. d4 d5 2. c4 c6 3. Nf3 Nf6 4. Nc3 dxc4 5. a4 Bf5 6. e3 e6 7. Bxc4 Bb4 8. O-O
O-O 9. Bd2 Nbd7 10. h3 c5 11. Na2 Bxd2 12. Qxd2 Ne4 13. Qd1 Nb6 14. Bd3 cxd4 15.
Nxd4 Bg6 16. Bxe4 Bxe4 17. Nc3 Bg6 18. b3 Nd5 19. Nxd5 Qxd5 20. Nb5 Qxd1 21. Rfxd1
Rfd8 22. Rac1 Rxd1+ 23. Rxd1 Bc2 24. Rd7 Bxb3 25. Rxb7 Bxa4 26. Nxa7 Kf8 27. Nb5
Bxb5 28. Rxb5 Ke7 29. Rb7+ Kf6 30. Kh2 Ra2 31. Kg3 Kg6 32. Re7 Kf6 33. Rb7 Kg6
34. Re7 Kf6 35. Rb7 Kg6 36. Re7 Kf6 1/2-1/2

[Event "Druzynowe Mistrzostwa Polski Juniorow 2018 - II Liga"]
[Site "Szczyrk"]
[Date "1899-12-30"]
[Round "2.61"]
[White "Hrymowicz, Artur"]
[Black "Slomczewski, Michal"]
[Result "1-0"]
[WhiteTitle "I++"]
[BlackTitle "I+"]
[WhiteElo "2123"]
[BlackElo "2068"]

1. e4 c5 2. Nf3 e6 3. d4 cxd4 4. Nxd4 Nc6 5. Nc3 Qc7 6. Be3 a6 7. Bd3 Nf6 8. O-O
Ne5 9. h3 d6 10. Qe2 Be7 11. f4 Ned7 12. Rad1 b5 13. a3 Bb7 14. f5 e5 15. Nb3
Rd8 16. Bg5 Nb6 17. Be3 Nfd7 18. Na5 Ba8 19. Qg4 Kf8 20. Nb3 d5 21. exd5 Nxd5
22. Nxd5 Bxd5 23. Qg3 Qc6 24. Rd2 f6 25. Be2 Be4 26. Qf2 Kf7 27. Rfd1 g6 28. fxg6+
hxg6 29. c4 b4 30. c5 bxa3 31. bxa3 Qa4 32. c6 Bxc6 33. Nc5 Nxc5 34. Bxc5 Rxd2
35. Rxd2 Qe4 1-0

[Event "Druzynowe Mistrzostwa Polski Juniorow 2018 - II Liga"]
[Site "Szczyrk"]
[Date "1899-12-30"]
[Round "2.62"]
[White "Guzik, Natalia"]
[Black "Jordan, Adam"]
[Result "0-1"]
[WhiteTitle "I++"]
[BlackTitle "I"]
[WhiteElo "1668"]
[BlackElo "1830"]

1. e4 c6 2. d4 d5 3. exd5 cxd5 4. Bd3 Nf6 5. c3 Nc6 6. Bf4 g6 7. h3 Bg7 8. Nf3
Bf5 9. g4 Bxd3 10. Qxd3 e6 11. Nbd2 Qb6 12. O-O h5 13. g5 Nd7 14. Nh4 Ne7 15.
Rae1 Rc8 16. Re3 O-O 17. Ndf3 a5 18. Rfe1 Qxb2 19. Rb1 Qxa2 20. Rxb7 Qa4 21. Qa6
Rc6 22. Qa7 Nc8 23. Qa8 Nd6 24. Qa7 Nb5 25. Rxb5 Qxb5 26. Qxd7 Rb6 27. Qe7 a4
28. Ne5 Rb7 29. Qd6 Re8 30. Re1 Bf8 31. Qc6 Qxc6 32. Nxc6 Rc8 33. Ne5 Rxc3 34.
Nexg6 fxg6 35. Rxe6 a3 36. Nxg6 a2 37. Re8 Qa1+ 38. Kg2 Rf7 39. Bd6 Qa2 40. Ne7+
Rxe7 41. Bxe7 Kf7 42. Rxf8+ Kxe7 43. Rf4 Qd2 44. Rf5 Qxd4 0-1